| 000 | 01133 a2200265 4500 | ||
|---|---|---|---|
| 999 |
_c160233 _d26484 |
||
| 001 | 160233 | ||
| 003 | TR-AnTOB | ||
| 005 | 20230811155801.0 | ||
| 008 | 071010s2003 tu 00000 tur | ||
| 040 |
_aTOBB ETÜ _beng _cTR-AnTOB _erda |
||
| 041 | _atur | ||
| 050 | 1 |
_aHD2056.7 _b.G86 2003 TOBBK |
|
| 090 | _aHD2056.7 .G86 2003 TOBBK | ||
| 245 | 0 |
_aGümüşhane ili tarım master planı : _bİl tarım ve kırsal kalkınma master planlarının hazırlanmasına destek projesi / _cT. C. Tarım ve Köyişleri Bakanlığı Araştırma Planlama ve Koordinasyon Kurulu Başkanlığı Gümüşhane Tarım İl Müdürlüğü Gümüşhane Tarımsal Master Plan Hazırlama Ekibi Peyami Çiçek...[ve başkl.]. |
|
| 264 | 1 |
_a[Gümüşhane]: _bTarım ve Köy İşleri Bakanlığı Gümüşhane Tarım İl Müdürlüğü, _c2003. |
|
| 300 |
_a115 s.: _bhrt.,tabl.; _c29 cm. |
||
| 650 | 0 |
_aTarım ve devlet _zTürkiye _zGümüşhane _966528 |
|
| 650 | 0 |
_aAgriculture and state _zTurkey _zGümüşhane _966529 |
|
| 700 | 1 |
_aÇiçek, Peyami _966525 |
|
| 700 | 1 |
_aOlgun, Hikmet _966526 |
|
| 901 | _aT000366 | ||
| 902 | _aMÇ | ||
| 942 |
_cBK _2lcc |
||